| 000 | 00809nam a2200229 i 4500 | ||
|---|---|---|---|
| 001 | 183023 | ||
| 003 | ES-MaACL | ||
| 005 | 20231028212856.0 | ||
| 008 | 140113s2012 sp a | |||||||| | spa d | ||
| 020 | _a978-84-939776-1-0 | ||
| 080 | _a821.134.2-84"19" | ||
| 100 | 1 |
_aRomero Izarra, Gonzalo. _9138385 |
|
| 245 | 1 | 3 |
_aLa escuela (h)echa pedazos : _bcronocuentos políticos de un maestro inadaptado / _cGonzalo Romero ; ilustraciones de Alba Romero y Eva Muñoz. |
| 250 | _a1ª ed. | ||
| 260 |
_a[Getafe] : _bLa Caída, _cimp. 2012. |
||
| 300 |
_a202 p. : _bil. ; _c21 cm. |
||
| 490 | 1 |
_aColección Tina Modotti ; _v2 |
|
| 830 | 0 |
_aColección Tina Modotti ; _v2 _9224925 |
|
| 852 |
_aES-MaACL _jA-12974 _9189956 _bR.149489 _cDEPO1 _dOlim: N-5974 |
||
| 942 |
_2udc _cMONOGRAFIA |
||
| 999 |
_c183023 _d183023 |
||